000 00577nam a2200229Ia 4500
003 OSt
005 20221005121014.0
006 a|||||r|||| 00| 0
007 ta
008 221004b |||||||| |||| 00| 0 eng d
024 _a58461
037 _cTextual
040 _aCRL
_cCRL
_beng
041 _2eng
_aeng
082 _aV2:25xM69j, L2.1-.4
100 _aSaxena K S Ed.
_9412670
245 0 _aGandhi centenary papers
260 _c1972
650 _aHISTORY
942 _hV2:25xM69j, L2.1-.4
_cTEXL
_2cc
999 _c1039817
_d1039817